000 00684nam a2200241Ia 4500
003 OSt
005 20220918222416.0
006 a|||||r|||| 00| 0
007 ta
008 220917b |||||||| |||| 00| 0 eng d
024 _a216,782
037 _cTextual
040 _aARTS
_cARTS
_beng
041 _2eng
_aeng
082 _aO111:g(Y:439), P2;1
100 _aSaint Tarun K Ed.
_926832
245 0 _aBruised memories
_b communal violence and the writer
260 _aCalcutta
_bSeagull books
_c2002
300 _axiv, 193p
_ccm.
650 _aENGLISH LITERATURE
942 _hO111:g(Y:439), P2;1
_cTEXL
_2CC
999 _c275448
_d275448